000 00302nam a2200109 4500
999 _c507221
_d507221
082 _aL1x5452 M267
100 _aTamil Nadu. Finance Department
_91131
245 _aBudget, Tamil Nadu, 1974-75
_cby Finance Department
260 _aMadras
_bGovernment of Tamil Nadu
_c1974
300 _av.p.
942 _2ddc